The FDA and psychiatric drugs : how a drug is approved

Bibliographic Details
Main Author: Esherick, Joan
Format: Book
Published: Philedelphia : Mason Crest Publishers , 2004
Series:Psychiatric disorders:drugs and psychology for the mind and body
Subjects:

MARC

LEADER 00000cam a2200000 7i4500
001 0000018276
005 20080604.0
008 080604
020 |a 1590845781 
090 0 0 |a 363.19   |b ESH 
100 1 |a Esherick, Joan 
245 1 4 |a The FDA and psychiatric drugs :   |b how a drug is approved   |c Joan Esherick 
260 |a Philedelphia :   |b Mason Crest Publishers ,   |c 2004 
440 |a Psychiatric disorders:drugs and psychology for the mind and body 
650 0 |a Drugs 
650 0 |a Drugs approval 
650 0 |a Psychotropic drugs 
999 |a 0001015741   |b Book   |c Adult Collection   |e Cawangan Urban Transformation Centre